[Event "World Youth & Cadets Blitz Championships"]
[Site "Rhodes, Greece"]
[Date "2022.05.03"]
[Round "3.30"]
[White "Jakhria, Kushal"]
[Black "Zhauynbay, Alimzhan"]
[Result "1-0"]
[TimeControl "5'/game & 2\"/move"]
[WhiteElo "1367"]
[BlackElo "1155"]

1. d4 {[%clk 00:05:00]} {[%emt 00:00:03]} Nf6 {[%clk 00:05:03]} {[%emt
00:00:02]} 2. c4 {[%clk 00:05:01]} g6 {[%clk 00:05:04]} {[%emt 00:00:02]} 3.
Nc3 {[%clk 00:05:01]} {[%emt 00:00:01]} d5 {[%clk 00:05:05]} {[%emt 00:00:02]}
4. Nf3 {[%clk 00:04:58]} {[%emt 00:00:04]} Bg7 {[%clk 00:05:06]} {[%emt
00:00:01]} 5. Qb3 {[%clk 00:04:59]} {[%emt 00:00:01]} dxc4 {[%clk 00:05:03]}
{[%emt 00:00:05]} 6. Qxc4 {[%clk 00:04:59]} {[%emt 00:00:01]} O-O {[%clk
00:05:02]} {[%emt 00:00:03]} 7. e4 {[%clk 00:05:00]} Bg4 {[%clk 00:04:58]}
{[%emt 00:00:07]} 8. Be2 {[%clk 00:04:59]} {[%emt 00:00:02]} Nc6 {[%clk
00:04:57]} {[%emt 00:00:03]} 9. Be3 {[%clk 00:04:57]} {[%emt 00:00:05]} e6
{[%clk 00:04:48]} {[%emt 00:00:12]} 10. O-O {[%clk 00:04:52]} {[%emt 00:00:06]}
a6 {[%clk 00:04:48]} {[%emt 00:00:02]} 11. Rad1 {[%clk 00:04:52]} {[%emt
00:00:02]} Nd7 {[%clk 00:04:35]} {[%emt 00:00:15]} 12. d5 {[%clk 00:04:46]}
{[%emt 00:00:08]} Nce5 {[%clk 00:04:25]} {[%emt 00:00:12]} 13. Nxe5 {[%clk
00:04:34]} {[%emt 00:00:13]} Nxe5 {[%clk 00:04:26]} {[%emt 00:00:02]} 14. Qb3
{[%clk 00:04:35]} {[%emt 00:00:01]} Bxe2 {[%clk 00:04:23]} {[%emt 00:00:05]} 15.
Nxe2 {[%clk 00:04:35]} {[%emt 00:00:01]} exd5 {[%clk 00:04:15]} {[%emt
00:00:11]} 16. Rxd5 {[%clk 00:04:34]} {[%emt 00:00:02]} Qc8 {[%clk 00:04:16]}
{[%emt 00:00:01]} 17. Rfd1 {[%clk 00:04:23]} {[%emt 00:00:14]} c6 {[%clk
00:04:15]} {[%emt 00:00:03]} 18. R5d2 {[%clk 00:04:21]} {[%emt 00:00:04]} Qg4
{[%clk 00:04:15]} {[%emt 00:00:02]} 19. Ng3 {[%clk 00:04:18]} {[%emt 00:00:04]}
h5 {[%clk 00:04:04]} {[%emt 00:00:14]} 20. h3 {[%clk 00:04:17]} {[%emt
00:00:03]} Qc8 {[%clk 00:04:04]} {[%emt 00:00:02]} 21. f4 {[%clk 00:04:14]}
{[%emt 00:00:05]} h4 {[%clk 00:03:28]} {[%emt 00:00:39]} 22. Nf1 {[%clk
00:04:03]} {[%emt 00:00:11]} Nf3+ {[%clk 00:03:18]} {[%emt 00:00:13]} 23. gxf3
{[%clk 00:04:01]} {[%emt 00:00:04]} Qxh3 {[%clk 00:03:18]} {[%emt 00:00:02]} 24.
Bc5 {[%clk 00:03:57]} {[%emt 00:00:05]} Rfe8 {[%clk 00:03:14]} {[%emt
00:00:07]} 25. Rh2 {[%clk 00:03:55]} {[%emt 00:00:04]} Qc8 {[%clk 00:03:02]}
{[%emt 00:00:14]} 26. Rd6 {[%clk 00:03:43]} {[%emt 00:00:14]} a5 {[%clk
00:02:22]} {[%emt 00:00:42]} 27. Rxg6 {[%clk 00:03:41]} {[%emt 00:00:03]} a4
{[%clk 00:02:23]} {[%emt 00:00:03]} 28. Rxg7+ {[%clk 00:03:37]} {[%emt
00:00:05]} Kxg7 {[%clk 00:02:21]} {[%emt 00:00:04]} 29. Rg2+ {[%clk 00:03:36]}
{[%emt 00:00:02]} Kh6 {[%clk 00:01:56]} {[%emt 00:00:28]} 30. Qxf7 {[%clk
00:03:33]} {[%emt 00:00:05]} Qe6 {[%clk 00:01:41]} {[%emt 00:00:17]} 31. Bf8+
{[%clk 00:03:33]} {[%emt 00:00:02]} Rxf8 {[%clk 00:00:59]} {[%emt 00:00:44]} 32.
Qxe6+ {[%clk 00:03:33]} {[%emt 00:00:01]} Kh7 {[%clk 00:00:59]} {[%emt
00:00:02]} 33. Qg6+ {[%clk 00:03:34]} {[%emt 00:00:02]} Kh8 {[%clk 00:01:00]}
34. Qh6# {[%clk 00:03:35]} {[%emt 00:00:01]} 1-0

[Event "World Youth & Cadets Blitz Championships"]
[Site "Rhodes, Greece"]
[Date "2022.05.03"]
[Round "3.31"]
[White "Ruzic, Pia Marie"]
[Black "Hryzlova, Sofiia"]
[Result "0-1"]
[TimeControl "5'/game & 2\"/move"]
[WhiteElo "1928"]
[BlackElo "2021"]

1. c4 {[%clk 00:05:03]} {[%emt 00:00:01]} Nf6 {[%clk 00:05:02]} {[%emt
00:00:02]} 2. Nc3 {[%clk 00:05:03]} {[%emt 00:00:02]} c5 {[%clk 00:05:01]}
{[%emt 00:00:03]} 3. Nf3 {[%clk 00:05:02]} {[%emt 00:00:03]} g6 {[%clk
00:05:01]} {[%emt 00:00:02]} 4. d4 {[%clk 00:05:01]} {[%emt 00:00:02]} cxd4
{[%clk 00:05:00]} {[%emt 00:00:03]} 5. Nxd4 {[%clk 00:05:02]} {[%emt 00:00:02]}
Bg7 {[%clk 00:05:00]} {[%emt 00:00:02]} 6. g3 {[%clk 00:05:02]} {[%emt
00:00:02]} O-O {[%clk 00:04:54]} {[%emt 00:00:08]} 7. Bg2 {[%clk 00:05:02]}
{[%emt 00:00:01]} a6 {[%clk 00:04:53]} {[%emt 00:00:05]} 8. O-O {[%clk
00:05:00]} {[%emt 00:00:04]} Nc6 {[%clk 00:04:50]} {[%emt 00:00:04]} 9. Rb1
{[%clk 00:04:33]} {[%emt 00:00:29]} Qc7 {[%clk 00:04:36]} {[%emt 00:00:16]} 10.
b3 {[%clk 00:03:58]} {[%emt 00:00:38]} d6 {[%clk 00:03:37]} {[%emt 00:01:00]}
11. Nxc6 {[%clk 00:03:41]} {[%emt 00:00:19]} bxc6 {[%clk 00:03:36]} {[%emt
00:00:04]} 12. Bb2 {[%clk 00:03:41]} {[%emt 00:00:01]} Bb7 {[%clk 00:03:33]}
{[%emt 00:00:06]} 13. c5 {[%clk 00:03:07]} {[%emt 00:00:36]} Rad8 {[%clk
00:03:18]} {[%emt 00:00:16]} 14. Qc2 {[%clk 00:03:03]} {[%emt 00:00:06]} d5
{[%clk 00:03:14]} {[%emt 00:00:05]} 15. e3 {[%clk 00:02:52]} {[%emt 00:00:14]}
Bc8 {[%clk 00:03:08]} {[%emt 00:00:08]} 16. Rbd1 {[%clk 00:02:38]} {[%emt
00:00:16]} h5 {[%clk 00:03:03]} {[%emt 00:00:08]} 17. h4 {[%clk 00:02:13]}
{[%emt 00:00:27]} e5 {[%clk 00:02:52]} {[%emt 00:00:13]} 18. Ne2 {[%clk
00:01:50]} {[%emt 00:00:24]} Bf5 {[%clk 00:02:26]} {[%emt 00:00:29]} 19. Qc1
{[%clk 00:01:45]} {[%emt 00:00:06]} Rfe8 {[%clk 00:02:18]} {[%emt 00:00:10]} 20.
Rfe1 {[%clk 00:01:30]} {[%emt 00:00:18]} Qc8 {[%clk 00:02:08]} {[%emt
00:00:11]} 21. Qa1 {[%clk 00:01:26]} {[%emt 00:00:06]} Ne4 {[%clk 00:02:03]}
{[%emt 00:00:07]} 22. Nc3 {[%clk 00:01:16]} {[%emt 00:00:13]} Nxc5 {[%clk
00:01:58]} {[%emt 00:00:07]} 23. e4 {[%clk 00:00:56]} {[%emt 00:00:21]} dxe4
{[%clk 00:01:30]} {[%emt 00:00:30]} 24. Rxd8 {[%clk 00:00:57]} {[%emt
00:00:02]} Rxd8 {[%clk 00:01:26]} {[%emt 00:00:06]} 25. Nxe4 {[%clk 00:00:56]}
{[%emt 00:00:02]} Nd3 {[%clk 00:01:23]} {[%emt 00:00:05]} 26. Rd1 {[%clk
00:00:46]} {[%emt 00:00:12]} Bg4 {[%clk 00:00:58]} {[%emt 00:00:28]} 27. f3
{[%clk 00:00:35]} {[%emt 00:00:12]} Nxb2 {[%clk 00:00:54]} {[%emt 00:00:07]} 28.
Rxd8+ {[%clk 00:00:35]} {[%emt 00:00:02]} Qxd8 {[%clk 00:00:54]} {[%emt
00:00:02]} 29. Qxb2 {[%clk 00:00:35]} {[%emt 00:00:02]} Qd1+ {[%clk 00:00:48]}
{[%emt 00:00:08]} 30. Kh2 {[%clk 00:00:34]} {[%emt 00:00:02]} Bxf3 {[%clk
00:00:46]} {[%emt 00:00:04]} 31. Qd2 {[%clk 00:00:17]} {[%emt 00:00:20]} Qxd2
{[%clk 00:00:40]} {[%emt 00:00:08]} 32. Nxd2 {[%clk 00:00:17]} {[%emt
00:00:01]} Bxg2 {[%clk 00:00:39]} {[%emt 00:00:03]} 33. Kxg2 {[%clk 00:00:18]}
{[%emt 00:00:01]} f5 {[%clk 00:00:39]} {[%emt 00:00:02]} 34. Nc4 {[%clk
00:00:13]} {[%emt 00:00:08]} Kf7 {[%clk 00:00:31]} {[%emt 00:00:10]} 35. Na5
{[%clk 00:00:13]} {[%emt 00:00:02]} c5 {[%clk 00:00:30]} {[%emt 00:00:03]} 36.
Nb7 {[%emt 00:00:03]} Bf8 {[%clk 00:00:29]} {[%emt 00:00:02]} 37. Kf3 {[%clk
00:00:10]} {[%emt 00:00:04]} Be7 {[%clk 00:00:28]} {[%emt 00:00:03]} 38. Ke3
{[%clk 00:00:10]} {[%emt 00:00:02]} Ke6 {[%clk 00:00:28]} {[%emt 00:00:02]} 39.
Kd3 {[%clk 00:00:11]} {[%emt 00:00:01]} Kd5 {[%clk 00:00:28]} {[%emt 00:00:01]}
40. Na5 {[%clk 00:00:10]} {[%emt 00:00:03]} f4 {[%clk 00:00:28]} {[%emt
00:00:03]} 41. gxf4 {[%clk 00:00:06]} {[%emt 00:00:06]} exf4 {[%clk 00:00:28]}
{[%emt 00:00:01]} 42. Nc4 {[%clk 00:00:07]} {[%emt 00:00:02]} Bxh4 {[%clk
00:00:28]} {[%emt 00:00:02]} 43. Kd4+ {[%emt 00:00:04]} Ke5+ 0-1

[Event "World Youth & Cadets Blitz Championships"]
[Site "Rhodes, Greece"]
[Date "2022.05.03"]
[Round "3.32"]
[White "Marcinczyk, Monika"]
[Black "Can, Isil"]
[Result "0-1"]
[TimeControl "5'/game & 2\"/move"]
[WhiteElo "1738"]
[BlackElo "1687"]

1. e4 {[%clk 00:05:02]} {[%emt 00:00:02]} e5 {[%clk 00:05:03]} 2. Nf3 {[%clk
00:05:04]} {[%emt 00:00:01]} Nc6 {[%clk 00:05:05]} 3. Bb5 {[%clk 00:05:05]}
{[%emt 00:00:01]} a6 {[%clk 00:05:06]} 4. Ba4 {[%clk 00:05:06]} {[%emt
00:00:01]} Nf6 {[%clk 00:05:07]} {[%emt 00:00:01]} 5. d3 {[%clk 00:05:07]}
{[%emt 00:00:01]} b5 {[%clk 00:05:07]} {[%emt 00:00:02]} 6. Bb3 {[%clk
00:05:08]} Bc5 {[%clk 00:05:09]} 7. Bg5 {[%clk 00:05:08]} {[%emt 00:00:02]} h6
{[%clk 00:05:05]} {[%emt 00:00:05]} 8. Bh4 {[%clk 00:05:08]} {[%emt 00:00:02]}
d6 {[%clk 00:04:58]} {[%emt 00:00:09]} 9. c3 {[%clk 00:05:09]} {[%emt
00:00:02]} O-O {[%clk 00:04:49]} {[%emt 00:00:11]} 10. a4 {[%clk 00:05:04]}
{[%emt 00:00:07]} Bb7 {[%clk 00:04:20]} {[%emt 00:00:31]} 11. axb5 {[%clk
00:04:57]} {[%emt 00:00:08]} axb5 {[%clk 00:04:21]} 12. Rxa8 {[%clk 00:04:57]}
{[%emt 00:00:02]} Bxa8 {[%clk 00:04:23]} 13. O-O {[%clk 00:04:52]} {[%emt
00:00:06]} g5 {[%clk 00:03:34]} {[%emt 00:00:51]} 14. Bg3 {[%clk 00:04:52]}
{[%emt 00:00:02]} Bb6 {[%clk 00:03:26]} {[%emt 00:00:11]} 15. h4 {[%clk
00:04:41]} {[%emt 00:00:13]} g4 {[%clk 00:03:24]} {[%emt 00:00:04]} 16. Nh2
{[%clk 00:04:41]} {[%emt 00:00:02]} h5 {[%clk 00:03:18]} {[%emt 00:00:08]} 17.
Qd2 {[%clk 00:04:19]} {[%emt 00:00:23]} Kh7 {[%clk 00:03:11]} {[%emt 00:00:09]}
18. Na3 {[%clk 00:04:20]} {[%emt 00:00:01]} Na7 {[%clk 00:02:43]} {[%emt
00:00:31]} 19. Qg5 {[%clk 00:03:29]} {[%emt 00:00:52]} Rg8 {[%clk 00:02:06]}
{[%emt 00:00:39]} 20. Qf5+ {[%clk 00:03:29]} {[%emt 00:00:02]} Kg7 {[%clk
00:02:07]} 21. Bc2 {[%clk 00:02:18]} {[%emt 00:01:13]} Qe7 {[%clk 00:01:32]}
{[%emt 00:00:37]} 22. Kh1 {[%clk 00:02:13]} {[%emt 00:00:08]} Qe6 {[%clk
00:01:33]} {[%emt 00:00:01]} 23. Qg5+ {[%clk 00:02:14]} Kf8 {[%clk 00:01:34]}
{[%emt 00:00:01]} 24. Qh6+ {[%clk 00:01:44]} {[%emt 00:00:32]} Ke7 {[%clk
00:01:35]} 25. Qd2 {[%clk 00:01:22]} {[%emt 00:00:23]} c5 {[%clk 00:00:55]}
{[%emt 00:00:43]} 26. f4 {[%clk 00:01:14]} {[%emt 00:00:09]} gxf3 {[%clk
00:00:46]} {[%emt 00:00:12]} 27. Rxf3 {[%clk 00:01:15]} {[%emt 00:00:01]} d5
{[%clk 00:00:29]} {[%emt 00:00:19]} 28. Qe2 {[%clk 00:00:41]} {[%emt 00:00:35]}
b4 {[%clk 00:00:26]} {[%emt 00:00:05]} 29. Nb1 {[%clk 00:00:31]} {[%emt
00:00:13]} bxc3 {[%clk 00:00:22]} {[%emt 00:00:05]} 30. Nxc3 {[%clk 00:00:30]}
{[%emt 00:00:04]} d4 {[%clk 00:00:24]} 31. Rxf6 {[%clk 00:00:25]} {[%emt
00:00:06]} Qxf6 {[%clk 00:00:17]} {[%emt 00:00:09]} 32. Qxh5 {[%clk 00:00:06]}
{[%emt 00:00:21]} Rxg3 {[%clk 00:00:16]} {[%emt 00:00:03]} 33. Ne2 {[%clk
00:00:06]} {[%emt 00:00:02]} Re3 {[%clk 00:00:13]} {[%emt 00:00:04]} 34. Kg1
{[%clk 00:00:04]} {[%emt 00:00:05]} Nb5 {[%clk 00:00:09]} {[%emt 00:00:07]} 0-1

[Event "World Youth & Cadets Blitz Championships"]
[Site "Rhodes, Greece"]
[Date "2022.05.03"]
[Round "3.33"]
[White "Omonova, Umida"]
[Black "Aydin, Gulenay"]
[Result "1-0"]
[TimeControl "5'/game & 2\"/move"]
[WhiteElo "1817"]
[BlackElo "1429"]

1. e4 {[%clk 00:05:03]} {[%emt 00:08:44]} c5 {[%clk 00:05:03]} {[%emt
00:00:02]} 2. Nf3 {[%clk 00:05:04]} d6 {[%clk 00:05:04]} {[%emt 00:00:01]} 3.
Bb5+ {[%clk 00:05:06]} {[%emt 00:00:01]} Bd7 {[%clk 00:05:06]} 4. Bxd7+ {[%clk
00:05:07]} Qxd7 {[%clk 00:05:06]} {[%emt 00:00:01]} 5. O-O {[%clk 00:05:07]}
{[%emt 00:00:02]} Nc6 {[%clk 00:05:08]} 6. c3 {[%clk 00:05:07]} {[%emt
00:00:03]} Nf6 {[%clk 00:05:07]} {[%emt 00:00:02]} 7. Re1 {[%clk 00:05:08]} e6
{[%clk 00:05:08]} {[%emt 00:00:01]} 8. d4 {[%clk 00:05:09]} {[%emt 00:00:01]}
cxd4 {[%clk 00:05:09]} 9. cxd4 {[%clk 00:05:10]} {[%emt 00:00:01]} d5 {[%clk
00:05:10]} 10. e5 {[%clk 00:05:11]} Ng8 {[%emt 00:00:04]} 11. Nc3 {[%clk
00:05:06]} {[%emt 00:00:04]} Nge7 {[%clk 00:05:06]} {[%emt 00:00:08]} 12. h3
{[%emt 00:00:22]} h5 {[%clk 00:04:49]} {[%emt 00:00:03]} 13. Bg5 {[%clk
00:04:46]} {[%emt 00:00:17]} Nf5 {[%clk 00:04:26]} {[%emt 00:00:15]} 14. Rc1
{[%clk 00:04:46]} Be7 15. Bxe7 Qxe7 {[%clk 00:04:14]} {[%emt 00:00:13]} 16. Qd2
{[%emt 00:00:22]} O-O-O {[%emt 00:00:37]} 17. Qf4 {[%clk 00:04:04]} {[%emt
00:00:14]} Kb8 {[%emt 00:00:39]} 18. a3 {[%emt 00:00:07]} Rhg8 {[%clk
00:02:13]} {[%emt 00:00:12]} 19. h4 {[%clk 00:03:53]} Qd7 {[%clk 00:02:13]} 20.
b4 {[%clk 00:03:53]} {[%emt 00:01:02]} Rc8 {[%emt 00:00:27]} 21. Rc2 {[%emt
00:00:31]} Nce7 {[%clk 00:01:40]} {[%emt 00:00:05]} 22. Rec1 {[%clk 00:03:03]}
{[%emt 00:00:27]} Rc4 {[%clk 00:01:29]} {[%emt 00:00:14]} 23. Ne2 {[%clk
00:02:51]} {[%emt 00:00:13]} Rgc8 {[%clk 00:01:13]} {[%emt 00:00:18]} 24. Rc3
{[%clk 00:02:30]} {[%emt 00:00:23]} a6 {[%clk 00:01:06]} {[%emt 00:00:10]} 25.
g3 {[%clk 00:02:19]} {[%emt 00:00:14]} Rxc3 {[%clk 00:00:47]} {[%emt 00:00:19]}
26. Rxc3 {[%clk 00:02:20]} {[%emt 00:00:02]} Rxc3 {[%clk 00:00:48]} {[%emt
00:00:01]} 27. Nxc3 {[%clk 00:02:21]} Qc6 {[%clk 00:00:46]} {[%emt 00:00:04]}
28. Qd2 {[%clk 00:01:51]} {[%emt 00:00:32]} Qc4 {[%clk 00:00:46]} {[%emt
00:00:03]} 29. Kg2 {[%clk 00:01:26]} {[%emt 00:00:26]} Nc6 {[%emt 00:00:12]} 30.
Ne2 Qb3 {[%clk 00:00:27]} {[%emt 00:00:13]} 31. Qc1 {[%clk 00:01:28]} Qd3
{[%clk 00:00:21]} {[%emt 00:00:08]} 32. Nf4 {[%clk 00:01:29]} {[%emt 00:00:01]}
Qe4 {[%clk 00:00:18]} {[%emt 00:00:05]} 33. Qe1 {[%clk 00:01:02]} {[%emt
00:00:29]} 1-0

[Event "World Youth & Cadets Blitz Championships"]
[Site "Rhodes, Greece"]
[Date "2022.05.03"]
[Round "3.34"]
[White "Chuchukova, Stefani"]
[Black "Starosta, Martyna"]
[Result "0-1"]
[TimeControl "5'/game & 2\"/move"]
[WhiteElo "1449"]
[BlackElo "1707"]

1. d4 {[%clk 00:05:02]} {[%emt 00:00:01]} Nf6 {[%clk 00:05:03]} {[%emt
00:00:01]} 2. Bg5 {[%clk 00:05:02]} {[%emt 00:00:03]} e6 {[%clk 00:05:01]}
{[%emt 00:00:04]} 3. e4 {[%clk 00:05:03]} {[%emt 00:00:01]} d5 {[%clk
00:04:50]} {[%emt 00:00:13]} 4. e5 {[%clk 00:04:20]} {[%emt 00:00:45]} h6
{[%clk 00:04:51]} 5. Bh4 {[%clk 00:04:15]} {[%emt 00:00:08]} g5 {[%clk
00:04:51]} 6. Bg3 {[%clk 00:04:16]} {[%emt 00:00:01]} Ne4 {[%clk 00:04:50]}
{[%emt 00:00:03]} 7. Bd3 {[%clk 00:04:14]} {[%emt 00:00:04]} Nxg3 {[%clk
00:04:47]} {[%emt 00:00:04]} 8. hxg3 {[%clk 00:04:14]} {[%emt 00:00:02]} c5
{[%clk 00:04:48]} {[%emt 00:00:02]} 9. c3 {[%clk 00:04:15]} {[%emt 00:00:02]}
Nc6 {[%clk 00:04:47]} {[%emt 00:00:03]} 10. Bb5 {[%clk 00:03:31]} {[%emt
00:00:45]} Bd7 {[%clk 00:04:41]} {[%emt 00:00:09]} 11. Bxc6 {[%clk 00:03:25]}
{[%emt 00:00:07]} Bxc6 {[%clk 00:04:41]} {[%emt 00:00:02]} 12. Nf3 {[%clk
00:03:26]} Be7 {[%clk 00:03:58]} {[%emt 00:00:45]} 13. Nbd2 {[%clk 00:03:21]}
{[%emt 00:00:07]} Qb6 {[%clk 00:03:57]} {[%emt 00:00:03]} 14. Qb3 {[%clk
00:03:21]} {[%emt 00:00:02]} Qa6 {[%clk 00:03:24]} {[%emt 00:00:35]} 15. Nf1
{[%clk 00:02:58]} {[%emt 00:00:24]} Ba4 {[%clk 00:03:24]} {[%emt 00:00:03]} 16.
Qa3 {[%clk 00:02:25]} {[%emt 00:00:35]} cxd4 {[%clk 00:03:23]} {[%emt
00:00:02]} 17. b4 {[%clk 00:02:26]} {[%emt 00:00:02]} dxc3 {[%clk 00:03:19]}
{[%emt 00:00:05]} 18. Qxc3 {[%clk 00:02:15]} {[%emt 00:00:14]} Kd7 {[%clk
00:03:10]} {[%emt 00:00:11]} 19. Ne3 {[%clk 00:01:59]} {[%emt 00:00:17]} Rac8
{[%clk 00:03:11]} {[%emt 00:00:02]} 20. Qd2 {[%clk 00:02:01]} g4 {[%clk
00:02:55]} {[%emt 00:00:18]} 21. Nd4 {[%clk 00:01:43]} {[%emt 00:00:20]} Bg5
{[%clk 00:02:48]} {[%emt 00:00:09]} 22. a3 {[%clk 00:01:29]} {[%emt 00:00:16]}
Rc7 {[%clk 00:02:35]} {[%emt 00:00:15]} 23. Qb2 {[%clk 00:01:18]} {[%emt
00:00:13]} Qd3 {[%clk 00:02:30]} {[%emt 00:00:07]} 24. Nxg4 {[%clk 00:01:00]}
{[%emt 00:00:20]} Qe4+ {[%clk 00:01:45]} {[%emt 00:00:47]} 25. Ne3 {[%clk
00:00:51]} {[%emt 00:00:11]} Bxe3 {[%clk 00:01:45]} {[%emt 00:00:02]} 26. fxe3
{[%clk 00:00:52]} {[%emt 00:00:01]} Qxe3+ {[%clk 00:01:44]} {[%emt 00:00:03]}
27. Kf1 {[%clk 00:00:49]} {[%emt 00:00:05]} Rc4 {[%clk 00:01:30]} {[%emt
00:00:16]} 28. Nf3 {[%clk 00:00:12]} {[%emt 00:00:39]} Rc2 {[%clk 00:01:28]}
{[%emt 00:00:03]} 29. Qxc2 {[%clk 00:00:12]} {[%emt 00:00:03]} Bxc2 {[%clk
00:01:29]} 30. Ne1 {[%clk 00:00:08]} {[%emt 00:00:06]} Bd3+ {[%clk 00:01:20]}
{[%emt 00:00:10]} 31. Nxd3 {[%clk 00:00:09]} {[%emt 00:00:02]} Qxd3+ {[%clk
00:01:21]} {[%emt 00:00:01]} 32. Kg1 {[%clk 00:00:10]} Qxg3 {[%clk 00:01:19]}
{[%emt 00:00:05]} 33. Rf1 {[%clk 00:00:12]} Qe3+ {[%clk 00:01:11]} {[%emt
00:00:09]} 34. Kh2 {[%clk 00:00:12]} {[%emt 00:00:01]} Qxe5+ {[%clk 00:01:12]}
{[%emt 00:00:02]} 35. g3 {[%clk 00:00:14]} Qe2+ {[%clk 00:01:11]} {[%emt
00:00:03]} 36. Kh3 {[%clk 00:00:14]} {[%emt 00:00:02]} Rg8 {[%clk 00:01:03]}
{[%emt 00:00:09]} 37. Rxf7+ {[%clk 00:00:14]} {[%emt 00:00:02]} Kd6 {[%clk
00:01:05]} 38. Rf4 {[%clk 00:00:09]} {[%emt 00:00:07]} Qe3 {[%clk 00:00:58]}
{[%emt 00:00:09]} 39. Rg1 {[%clk 00:00:04]} {[%emt 00:00:07]} Qxg1 {[%clk
00:00:57]} {[%emt 00:00:02]} 0-1

[Event "World Youth & Cadets Blitz Championships"]
[Site "Rhodes, Greece"]
[Date "2022.05.03"]
[Round "3.35"]
[White "Blokhin, Sofia"]
[Black "Mihelic, Vesna"]
[Result "1-0"]
[TimeControl "5'/game & 2\"/move"]
[WhiteElo "1764"]
[BlackElo "1879"]

1. e4 {[%clk 00:05:02]} {[%emt 00:00:02]} e5 {[%clk 00:05:03]} {[%emt
00:00:01]} 2. Bc4 {[%clk 00:05:03]} {[%emt 00:00:01]} Nc6 {[%clk 00:05:03]}
{[%emt 00:00:02]} 3. d3 {[%clk 00:05:04]} {[%emt 00:00:01]} Nf6 {[%clk
00:05:02]} {[%emt 00:00:03]} 4. Nf3 {[%clk 00:05:04]} {[%emt 00:00:01]} Bc5
{[%clk 00:05:03]} {[%emt 00:00:02]} 5. O-O {[%clk 00:05:04]} {[%emt 00:00:02]}
O-O {[%clk 00:04:57]} {[%emt 00:00:08]} 6. c3 {[%clk 00:05:05]} {[%emt
00:00:01]} Bb6 {[%clk 00:04:37]} {[%emt 00:00:23]} 7. b4 {[%clk 00:05:03]}
{[%emt 00:00:03]} d6 {[%clk 00:04:27]} {[%emt 00:00:12]} 8. a4 {[%clk
00:05:03]} {[%emt 00:00:02]} a5 {[%clk 00:04:24]} {[%emt 00:00:06]} 9. b5
{[%clk 00:05:03]} {[%emt 00:00:01]} Ne7 {[%clk 00:04:24]} {[%emt 00:00:02]} 10.
Nbd2 {[%clk 00:04:54]} {[%emt 00:00:11]} Ng6 {[%clk 00:04:24]} {[%emt
00:00:03]} 11. Ba3 {[%clk 00:04:41]} {[%emt 00:00:14]} Re8 {[%clk 00:04:08]}
{[%emt 00:00:18]} 12. Qb3 {[%clk 00:04:39]} {[%emt 00:00:03]} Be6 {[%clk
00:04:05]} {[%emt 00:00:06]} 13. Bxe6 {[%clk 00:04:33]} {[%emt 00:00:08]} fxe6
{[%clk 00:03:59]} {[%emt 00:00:08]} 14. Nc4 {[%clk 00:04:21]} {[%emt 00:00:14]}
Nf4 {[%clk 00:03:54]} {[%emt 00:00:07]} 15. Nxb6 {[%clk 00:04:17]} {[%emt
00:00:06]} cxb6 {[%clk 00:03:53]} {[%emt 00:00:03]} 16. Rad1 {[%clk 00:04:04]}
{[%emt 00:00:15]} Rc8 {[%clk 00:03:52]} {[%emt 00:00:03]} 17. Rfe1 {[%clk
00:04:03]} {[%emt 00:00:03]} Ng4 {[%clk 00:03:14]} {[%emt 00:00:39]} 18. g3
{[%clk 00:03:46]} {[%emt 00:00:20]} Qf6 {[%clk 00:02:15]} {[%emt 00:01:01]} 19.
Rd2 {[%clk 00:03:14]} {[%emt 00:00:34]} Ng6 {[%clk 00:01:42]} {[%emt 00:00:35]}
20. Kg2 {[%clk 00:03:10]} {[%emt 00:00:06]} Rf8 {[%clk 00:01:38]} {[%emt
00:00:06]} 21. Qd1 {[%clk 00:03:05]} {[%emt 00:00:07]} Rxc3 {[%clk 00:01:03]}
{[%emt 00:00:37]} 22. Bxd6 {[%clk 00:03:05]} {[%emt 00:00:02]} Rd8 {[%clk
00:01:03]} {[%emt 00:00:02]} 23. Qa1 {[%clk 00:02:52]} {[%emt 00:00:16]} Rcc8
{[%clk 00:00:53]} {[%emt 00:00:11]} 24. Ba3 {[%clk 00:02:48]} {[%emt 00:00:06]}
Rd7 {[%clk 00:00:49]} {[%emt 00:00:06]} 25. h3 {[%clk 00:02:44]} {[%emt
00:00:06]} Nh6 {[%clk 00:00:48]} {[%emt 00:00:03]} 26. Bb2 {[%clk 00:02:38]}
{[%emt 00:00:08]} Nf7 {[%clk 00:00:48]} {[%emt 00:00:02]} 27. Rc1 {[%clk
00:02:18]} {[%emt 00:00:21]} Rcd8 {[%clk 00:00:49]} {[%emt 00:00:02]} 28. Rcd1
{[%clk 00:02:14]} {[%emt 00:00:06]} Ng5 {[%clk 00:00:39]} {[%emt 00:00:12]} 29.
Nxe5 {[%clk 00:01:38]} {[%emt 00:00:38]} Nxe5 {[%clk 00:00:33]} {[%emt
00:00:08]} 30. f4 {[%clk 00:01:23]} {[%emt 00:00:16]} Qf8 {[%clk 00:00:07]}
{[%emt 00:00:29]} 31. Bxe5 {[%clk 00:01:18]} {[%emt 00:00:06]} Nf7 {[%clk
00:00:08]} {[%emt 00:00:02]} 32. Bb2 {[%clk 00:01:14]} {[%emt 00:00:06]} g6
{[%clk 00:00:04]} {[%emt 00:00:06]} 33. Bf6 {[%clk 00:01:12]} {[%emt 00:00:04]}
Rc8 {[%clk 00:00:05]} 34. Rc1 {[%clk 00:00:58]} {[%emt 00:00:15]} Nh6 {[%clk
00:00:05]} {[%emt 00:00:02]} 35. Rdc2 {[%clk 00:00:46]} {[%emt 00:00:15]} Rxc2+
{[%clk 00:00:03]} {[%emt 00:00:04]} 36. Rxc2 {[%clk 00:00:47]} {[%emt
00:00:01]} Rxd3 {[%clk 00:00:04]} {[%emt 00:00:01]} 37. Rc7 {[%clk 00:00:37]}
{[%emt 00:00:12]} Nf7 {[%clk 00:00:05]} {[%emt 00:00:01]} 38. Qc1 {[%clk
00:00:26]} {[%emt 00:00:13]} Rd6 {[%clk 00:00:03]} {[%emt 00:00:04]} 39. Rc8
{[%clk 00:00:26]} {[%emt 00:00:02]} Nd8 {[%clk 00:00:04]} {[%emt 00:00:01]} 40.
Be5 {[%clk 00:00:19]} {[%emt 00:00:09]} Rd7 {[%clk 00:00:05]} {[%emt 00:00:01]}
41. Qc4 {[%clk 00:00:12]} {[%emt 00:00:08]} Qf7 {[%clk 00:00:05]} {[%emt
00:00:03]} 42. Qc3 {[%clk 00:00:07]} {[%emt 00:00:08]} Qf8 {[%clk 00:00:04]}
{[%emt 00:00:02]} 43. Bf6 {[%clk 00:00:06]} {[%emt 00:00:03]} Kf7 {[%clk
00:00:05]} {[%emt 00:00:01]} 44. Bxd8 Rxd8 {[%clk 00:00:06]} 45. Qc7+ {[%clk
00:00:06]} {[%emt 00:00:02]} Qe7 {[%clk 00:00:05]} {[%emt 00:00:03]} 46. Qxd8
{[%clk 00:00:06]} {[%emt 00:00:02]} 1-0